Countries with Precisely One Larger Neighbour on the World Map - Statistics

General Stats
  • This quiz has been taken 184 times
  • The average score is 17 of 26
Answers on the Map
Answers color-coded by a green-red scale on the quiz's map according to % correct below.
 
Answer Stats
COUNTRY % Correct
United States
92%
Argentina
91%
United Kingdom
89%
Peru
85%
China
82%
Ukraine
81%
Angola
80%
Spain
80%
Germany
79%
Yemen
79%
Mexico
75%
Italy
71%
Turkey
71%
India
70%
Ethiopia
63%
Thailand
63%
Tanzania
61%
Honduras
58%
France
56%
Romania
48%
Panama
47%
Greece
46%
Vietnam
46%
Somalia
42%
Cote d'Ivoire
30%
Albania
24%
No matching quizzes found
Score Distribution
Percent of People with Each Score
Percentile by Number Answered
Your Score History
You have not taken this quiz